000 01720nam a2200277 i 4500
001 000030472
003 DO-SdBNP
005 20240731114020.0
007 ta
008 090930s1980 dr a 000 | spa d
040 _aDO-SdBNP
_bspa
_cBNPHU
_erda
082 _a338.5
_222
_bC334p, 1980
100 1 _aCasado, Lucio
_eautor
_96670
245 1 0 _aPrincipios de economía política /
_cLucio Casado.
250 _a6a edición
264 _aSanto Domingo :
_bColegial Quisqueyana,
_c1980.
300 _a228 paginas :
_bilustraciones ;
_c23 cm.
336 _2rdacontent
_atexto
_btxt
337 _2rdamedia
_asin mediación
_bn
338 _2rdacarrier
_avolumen
_bnc
505 _aLa actividad económica 15 -- Las necesidades económicas 21 -- Los bienes económicos 27 -- La utilidad de los bienes 31 -- Coste-valor-precio 37 -- Leyes fundamentales de la economía 43 -- La producción 53 -- Los factores de la producción 59 -- Aspectos generales del campo en R.D. 65 -- El trabajo humano 71 -- El capital 77 -- Los sujetos económicos-la empresa 83 -- La concentración de empresas 95 -- La economía doméstica 99 -- El Estado y la vida económica 107 -- Los planes económicos 117 -- Consumo internacional 123 -- La balanza de pagos 131 -- La circulación económica 137 -- Patrimonio, renta, producto nacional 143 -- Ahorro e inversión 153 -- Ingreso, beneficio, costo 161 -- Los mercados y la formación de los precios 165 - El dinero 175 -- La inflación 183 -- El crédito 189 -- Los bancos 197 -- El salario 205 -- Desarrollo y subdesarrollo económico 211 -- Los principales económicos 217
590 _aInventariado, 2023 / DG
650 0 _aEconomía política
_95976
910 _aDG
942 _2ddc
_cLBS1
999 _c29964
_d29964